|
|
|
|
| LEADER |
00768nta a2200217 i 4500 |
| 001 |
dipl108813 |
| 005 |
20210302073020.0 |
| 008 |
210302s2008 hu om 0|| zxx d |
| 040 |
|
|
|a SZTE Diploma Repozitórium
|b hun
|
| 041 |
|
|
|a zxx
|
| 100 |
1 |
|
|a Vas Melinda
|
| 245 |
1 |
0 |
|a Hogyan változott meg a nők szerepe, élete a XXI. századra?
|h [elektronikus dokumentum] /
|c Melinda Vas
|
| 260 |
|
|
|c 2008
|
| 650 |
|
4 |
|a Pedagógusképzés
|
| 650 |
|
4 |
|a Social sciences
|
| 650 |
|
4 |
|a Media and communications
|
| 650 |
|
4 |
|a Media and socio-cultural communication
|
| 650 |
|
4 |
|a Cultural studies, cultural diversity
|
| 700 |
0 |
1 |
|a Bozsó Renáta
|e ths
|
| 700 |
0 |
1 |
|a Szűcs Norbert
|e ths
|
| 856 |
4 |
0 |
|u https://diploma.bibl.u-szeged.hu/id/eprint/108813/1/2008_vas_melinda.pdf
|z Dokumentum-elérés
|